Geography Quiz

Random Geography or City Quiz

I thought it was in Europe! Quiz Stats

 Plays Quiz not verified by Sporcle

Support Sporcle.
Go Orange.
Score 0/27 Timer 05:00
0 Plays Today
Population in New York Place % Correct
4,609Paris
82.8%
32,850Rome
81.9%
1,901Berlin
69.7%
18,355Amsterdam
62.8%
1,828Madrid
62.5%
3,991Athens
54.7%
???Dublin
54%
9,258Manchester
48.7%
5,423Warsaw
47.1%
2,356Milan
46.9%
4,047Lisbon
46.9%
5,819Vienna
45.2%
3,562Stockholm
41.8%
56,259Hamburg
38.2%
Population in New York Place % Correct
864Copenhagen
37.2%
2,441Naples
35.8%
2,505Liverpool
29.9%
28,316Rotterdam
28.1%
793Turin
23.3%
369Leeds
19.9%
5,437Riga
14%
???Cardiff
11%
2,421Bristol
10.5%
617Odessa
5.9%
607Dresden
5.8%
763Bradford
2.6%
???Derby
1.9%

You're not logged in!

Compare scores with friends on all Sporcle quizzes.
OR
Log In

From the Vault

5-by-5 Logic Puzzle II

by The_Professor

Logic Puzzles 2: Electric Boogaloo
Remove Ads.
Support Sporcle.
Get the best of Sporcle when you Go Orange. This ad-free experience offers more features, more stats, and more fun while also helping to support Sporcle. Thank you for becoming a member.

Show Comments

Extras

Top Quizzes Today


Score Distribution

Your Account Isn't Verified!

In order to create a playlist on Sporcle, you need to verify the email address you used during registration. Go to your Sporcle Settings to finish the process.

Report this User

Report this user for behavior that violates our Community Guidelines.

Details: